00241nam a2200085Ia 450000100070000000500170000700800410002424500630006526000270012893134020250826214907.0250824s9999 xx 000 0 und d 0aKOVUN BENİ BU OKULDAN/N1cHALENUR ÇALIŞAN GÜRBÜZ bTAZE KİTAP YAYINLARI